Schaum's outlines of probability and statistics (Record no. 192872)
[ view plain ]
| 000 -LEADER | |
|---|---|
| fixed length control field | 00451 a2200157 4500 |
| 003 - CONTROL NUMBER IDENTIFIER | |
| control field | Nust |
| 005 - DATE AND TIME OF LATEST TRANSACTION | |
| control field | 20221129134055.0 |
| 040 ## - CATALOGING SOURCE | |
| Transcribing agency | Nust |
| 082 ## - DEWEY DECIMAL CLASSIFICATION NUMBER | |
| Classification number | 519.2, SPI |
| 100 ## - MAIN ENTRY--PERSONAL NAME | |
| Personal name | Spiegel, Murray R. |
| 245 ## - TITLE STATEMENT | |
| Title | Schaum's outlines of probability and statistics |
| Statement of responsibility, etc. | Murray R. Spiegel and John Schiller |
| 250 ## - EDITION STATEMENT | |
| Edition statement | 2nd ed. |
| 260 ## - PUBLICATION, DISTRIBUTION, ETC. | |
| Place of publication, distribution, etc. | New York |
| Name of publisher, distributor, etc. | Prentice Hall |
| 505 ## - FORMATTED CONTENTS NOTE | |
| Formatted contents note | Part 1: Probability (Page-1), Part 2:Statistics (Page-159). |
| 942 ## - ADDED ENTRY ELEMENTS (KOHA) | |
| Source of classification or shelving scheme | |
| Koha item type | Book |
| Withdrawn status | Lost status | Source of classification or shelving scheme | Damaged status | Not for loan | Collection code | Permanent Location | Current Location | Date acquired | Total Checkouts | Full call number | Barcode | Date last seen | Price effective from | Koha item type | Shelving location | Date last checked out | Public note |
|---|---|---|---|---|---|---|---|---|---|---|---|---|---|---|---|---|---|
| Military College of Signals (MCS) | Military College of Signals (MCS) | 12/12/2016 | 519.2 SPI | MCS33284 | 12/08/2016 | 12/12/2016 | Book | ||||||||||
| Military College of Signals (MCS) | Military College of Signals (MCS) | 12/12/2016 | 1 | 519.2, SPI | MCS33285 | 06/06/2023 | 12/12/2016 | Book | General Stacks | 02/14/2023 | Almirah No.14, Shelf No.3 |
